000 00526nam a2200181Ia 4500
001 58620
008 150526n2013 ii |||gr||||Z||||||465
020 _a9780198092230
082 _a181.4
245 0 _aPhilosophy and India :
_bAncestors,Outsiders and Predecessors /
_cA.Raghuramaraju .
_hTextual Documents
250 _aIst ed.
260 _aDelhi
_bOxford university
_c2013
300 _a152pg:
_c23cm.
653 _aIndian Philosophy
653 _aG-Philosophy
700 _aRaghuramaraju, A.,
_eAuthor.,
942 _2ddc
_cBK
999 _c58510
_d58510